000 00311nam a22001217a 4500
008 230703b xxu||||| |||| 00| 0 eng d
082 _a346.67
_bWAR 1962
100 _cS. N. Waruhiu
245 _aAffiliation Law in Kenya
260 _bEast African LIterature Bureau
_c1962
300 _aII,47p
942 _2ddc
_cBK
999 _c3192
_d3192